000 01136nam a2200265 a 4500
001 10075
005 20180713194121.0
008 140415s1970 mx a r 000 0 spa d
040 _aMX-PuUPA
_bspa
_erda
_cMx-PuUPA
_dMx-PuUPA
041 0 _aspa
082 0 _a574.1
_bARM
100 1 _aArmstrong, George Gilbert,
_eautor
240 1 0 _aLaboratory manual for Guytons function of the human body.
_lEspañol
245 1 0 _aManual de prácticas de fisiología /
_cDr. George G. Armstrong ; traducido al español por el Dr. Roberto Folch Fabre ; prologuista Arthur C. Guyton.
250 _aSegunda edición
264 1 _aMéxico, D.F. :
_bEditorial Intermaericana,
_c1970
300 _axi, 268 páginas :
_bilustraciones ;
_c28 cm.
336 _atexto
_2rdacontent
337 _asin mediación
_2rdamedia
338 _avolumen
_2rdacarrier
650 4 _aFisiología
_xManual
700 1 _aFolch Fabre, Roberto,
_etraductor
700 1 _aGuyton, Arthur C.,
_q(Clifton),
_d1919-2003,
_epróloguista
700 1 _iTraducción de:
_aArmstrong, George Gilbert,
_tLaboratory manual for Guytons function of the human body.
_lEspañol
999 _c10075
_d10075